Strength of materials,mechanics of solids si units (Record no. 582060)

000 -LEADER
fixed length control field 00530nam a22001937a 4500
003 - CONTROL NUMBER IDENTIFIER
control field CEME
005 - DATE AND TIME OF LATEST TRANSACTION
control field 20210628205712.0
008 - FIXED-LENGTH DATA ELEMENTS--GENERAL INFORMATION
fixed length control field 201230b xxu||||| |||| 00| 0 eng d
020 ## - INTERNATIONAL STANDARD BOOK NUMBER
International Standard Book Number 9788121928229
040 ## - CATALOGING SOURCE
Transcribing agency ceme
082 ## - DEWEY DECIMAL CLASSIFICATION NUMBER
Classification number 620.112 KHU
100 ## - MAIN ENTRY--PERSONAL NAME
Personal name Khurmi, R.S
9 (RLIN) 24542
245 ## - TITLE STATEMENT
Title Strength of materials,mechanics of solids si units
260 ## - PUBLICATION, DISTRIBUTION, ETC.
Place of publication, distribution, etc. INDIA
Name of publisher, distributor, etc. S.CHAND
Date of publication, distribution, etc. 2013
300 ## - PHYSICAL DESCRIPTION
Extent XVI,924P
650 ## - SUBJECT ADDED ENTRY--TOPICAL TERM
Topical term or geographic name entry element STRENGTH OF MATERIALS.MECHANICS OF SOLIDS SI UNITS
9 (RLIN) 31617
700 ## - ADDED ENTRY--PERSONAL NAME
Personal name Khurmi, N
9 (RLIN) 31618
942 ## - ADDED ENTRY ELEMENTS (KOHA)
Koha item type Book
Source of classification or shelving scheme
Holdings
Withdrawn status Lost status Damaged status Not for loan Permanent Location Current Location Shelving location Date acquired Total Checkouts Full call number Barcode Date last seen Price effective from Koha item type
        College of Electrical & Mechanical Engineering (CEME) College of Electrical & Mechanical Engineering (CEME) General Stacks 02/15/2017   620.112 KHU CEME-48011 06/28/2021 06/28/2021 Book
© 2023 Central Library, National University of Sciences and Technology. All Rights Reserved.